[Event "International Tournament "]
[Site "Pool "]
[Date "2021.07.15"]
[Round "8.28"]
[White "Sargsyan, Anna M"]
[Black "Stoyanov, Viktor"]
[Result "1-0"]
[WhiteElo "2397"]
[BlackElo "2240"]
[PlyCount "101"]
[EventDate "2021.07.09"]

1. d4 d5 2. c4 e5 3. dxe5 d4 4. Nf3 Nc6 5. Nbd2 Nge7 6. Nb3 Ng6 7. Nbxd4 Ngxe5
8. Nxe5 Nxe5 9. e3 Bc5 10. Be2 Qg5 11. g3 Qf6 12. Bd2 Bh3 13. Bc3 O-O-O 14. f4
Nc6 15. Bg4+ Bxg4 16. Qxg4+ Kb8 17. Qxg7 Qxg7 18. Nxc6+ bxc6 19. Bxg7 Rhe8 20.
O-O Rxe3 21. Kh1 Re4 22. Rac1 Rd2 23. Rfd1 Rxc4 24. Rxc4 Rxd1+ 25. Kg2 Rd2+ 26.
Kf3 Bb6 27. g4 Rxh2 28. Rxc6 Kc8 29. Kg3 Rd2 30. Rh6 Rd3+ 31. Kg2 Kd7 32. Rxh7
Ke7 33. Bc3 Bd4 34. Rh3 Rd1 35. Rh1 Rd3 36. Rc1 Kd6 37. Ba5 c5 38. Rc2 Kd5 39.
Re2 Be3 40. Bc7 c4 41. Bb8 Bd4 42. g5 Rd1 43. Kf3 Bc5 44. Re8 Rf1+ 45. Kg4 Bd4
46. Be5 Bxe5 47. Rxe5+ Kd6 48. Re2 Ra1 49. a3 c3 50. Rc2 Ke7 51. a4 1-0

[Event "International Tournament "]
[Site "Pool "]
[Date "2021.07.15"]
[Round "8.29"]
[White "Radovanovic, Nikola"]
[Black "Varshini, V."]
[Result "1-0"]
[WhiteElo "2395"]
[BlackElo "2226"]
[PlyCount "69"]
[EventDate "2021.07.09"]

1. e4 c5 2. Nf3 d6 3. d4 cxd4 4. Nxd4 Nf6 5. Nc3 a6 6. Be2 e6 7. Be3 Be7 8. g4
Qc7 9. g5 Nfd7 10. Qd2 b5 11. a3 Ne5 12. O-O-O Bb7 13. f4 Nec6 14. f5 Nxd4 15.
Qxd4 e5 16. Qd2 Nd7 17. Kb1 Bc6 18. Rhf1 Rb8 19. Nd5 Bxd5 20. Qxd5 Qb7 21. Qb3
Qxe4 22. f6 gxf6 23. gxf6 Bf8 24. Rfe1 Qc6 25. Bd3 a5 26. c3 Nc5 27. Bxc5 Qxc5
28. a4 b4 29. Bb5+ Rxb5 30. axb5 Qxb5 31. cxb4 axb4 32. Rc1 Qb7 33. Qa4+ Kd8
34. Rc6 Bh6 35. Rd1 1-0

[Event "International Tournament "]
[Site "Pool "]
[Date "2021.07.15"]
[Round "8.30"]
[White "Ivanovic, Marko"]
[Black "Mullick, Raahil"]
[Result "1-0"]
[WhiteElo "2245"]
[BlackElo "2386"]
[PlyCount "81"]
[EventDate "2021.07.09"]

1. e4 c5 2. Nf3 d6 3. d4 Nf6 4. Nc3 cxd4 5. Nxd4 a6 6. Bg5 e6 7. f4 h6 8. Bh4
Qb6 9. a3 Be7 10. Bf2 Qc7 11. Qf3 Nbd7 12. O-O-O b5 13. g4 g5 14. h4 gxf4 15.
Be2 h5 16. g5 Ng4 17. Qxf4 e5 18. Nd5 Qc5 19. Qf3 Nxf2 20. b4 Qa7 21. Nc6 Qb7
22. Na5 Qa7 23. Rhf1 Nb8 24. Rxf2 Be6 25. Nf6+ Kf8 26. Nxh5 Rg8 27. Ng3 Qc7 28.
Nf5 Nd7 29. Nh6 Rc8 30. Bd3 Rg7 31. Qh5 Qc3 32. Nxf7 Bxf7 33. Rxf7+ Kg8 34.
Rxg7+ Kxg7 35. Rf1 Rf8 36. Qh6+ Kg8 37. Qe6+ Kh8 38. Rxf8+ Nxf8 39. Qxe7 Qxa3+
40. Kd1 Kg8 41. Qxd6 1-0

[Event "International Tournament "]
[Site "Pool "]
[Date "2021.07.15"]
[Round "8.31"]
[White "Ljepic, Andrej"]
[Black "Nugumanov, Bakhtiyar"]
[Result "1/2-1/2"]
[WhiteElo "2136"]
[BlackElo "2375"]
[Annotator "Balkanchess"]
[PlyCount "70"]
[EventDate "2021.07.09"]

1. e4 e6 2. d4 d5 3. e5 c5 4. c3 Nc6 5. Nf3 Bd7 6. a3 Nge7 7. b4 cxd4 8. cxd4
Nf5 9. Be3 b5 10. Bxb5 a5 11. Nbd2 axb4 12. axb4 Rb8 13. Bxc6 Bxc6 14. O-O Bxb4
15. Qc2 Rc8 16. Rfb1 Be7 17. Qd3 O-O 18. Nb3 Rc7 19. Na5 Qd7 20. Nxc6 Rxc6 21.
Bd2 Rfc8 22. g4 Nh4 23. Nxh4 Bxh4 24. g5 Qe7 25. Qe3 Rc2 26. Rc1 Rxc1+ 27. Rxc1
Rxc1+ 28. Bxc1 Qc7 29. Kg2 Qc2 30. Bd2 Qf5 31. Qf3 Qxf3+ 32. Kxf3 f6 33. gxf6
gxf6 34. exf6 Kf7 35. Be3 Bxf6 {...86} 1/2-1/2

[Event "International Tournament "]
[Site "Pool "]
[Date "2021.07.15"]
[Round "8.32"]
[White "Kamer, Kayra"]
[Black "Ojas, Kulkarni"]
[Result "1/2-1/2"]
[WhiteElo "2355"]
[BlackElo "2216"]
[PlyCount "50"]
[EventDate "2021.07.09"]

1. Nf3 Nc6 2. d4 d6 3. e4 Nf6 4. c3 e5 5. Bb5 Bd7 6. O-O Be7 7. Re1 O-O 8. Nbd2
Nxd4 9. Nxd4 exd4 10. Bxd7 dxc3 11. Ba4 cxd2 12. Bxd2 Nd7 13. Qg4 Nc5 14. Bc2
Bf6 15. e5 dxe5 16. Rad1 Qd7 17. Qf3 Rad8 18. Be3 Qe7 19. Rxd8 Rxd8 20. Qf5 g6
21. Bxc5 gxf5 22. Bxe7 Bxe7 23. Rxe5 Rd2 24. Bb3 Rxb2 25. g4 Kf8 1/2-1/2

[Event "International Tournament "]
[Site "Pool "]
[Date "2021.07.15"]
[Round "8.33"]
[White "Gajic, Mladen"]
[Black "Dolgun, Can"]
[Result "0-1"]
[WhiteElo "2352"]
[BlackElo "2133"]
[Annotator "Balkanchess"]
[PlyCount "32"]
[EventDate "2021.07.09"]

1. e4 e5 2. Nc3 Nf6 3. f4 d5 4. fxe5 Nxe4 5. Qf3 f5 6. d3 Nxc3 7. bxc3 d4 8.
Qg3 dxc3 9. Be2 Be6 10. Bh5+ g6 11. Bf3 Nc6 12. Ne2 Nb4 13. Kd1 Qd7 14. a4
O-O-O 15. Nf4 Ba2 16. Rxa2 Nxa2 {...28} 0-1

[Event "International Tournament "]
[Site "Pool "]
[Date "2021.07.15"]
[Round "8.34"]
[White "Gunduz, Umut Erdem"]
[Black "Grieve, Harry"]
[Result "1-0"]
[WhiteElo "2131"]
[BlackElo "2351"]
[PlyCount "129"]
[EventDate "2021.07.09"]

1. e4 c6 2. d4 d5 3. Nd2 dxe4 4. Nxe4 Nf6 5. Nxf6+ exf6 6. c3 Bd6 7. Bd3 O-O 8.
Qc2 Re8+ 9. Ne2 h5 10. Be3 Nd7 11. Ng3 h4 12. Nf5 Nb6 13. Nxd6 Qxd6 14. O-O-O
Nd5 15. Bd2 Be6 16. g3 h3 17. Rhe1 b5 18. Bh7+ Kh8 19. Qe4 g6 20. Qh4 g5 21.
Qh6 Qf8 22. Qh5 Kg7 23. Rxe6 Rxe6 24. Bf5 Qh8 25. Qg4 Re7 26. f4 Ne3 27. Bxe3
Rxe3 28. fxg5 Kf8 29. Qf4 Rae8 30. Qd6+ Kg8 31. Bd7 Rd8 32. Qc7 Ra8 33. Bxc6
Rf8 34. Qf4 Re6 35. Bd5 Rb6 36. g6 Kg7 37. gxf7 Qh6 38. Rf1 Qg5 39. Bb3 a5 40.
a3 b4 41. Qxg5+ fxg5 42. axb4 axb4 43. Kc2 bxc3 44. bxc3 Rfb8 45. Rf5 Kf8 46.
Bd5 Rb2+ 47. Kd3 Rxh2 48. Rxg5 Rhb2 49. g4 h2 50. Rg8+ Ke7 51. g5 Rf8 52. g6
Rbb8 53. Rxf8 Kxf8 54. c4 Kg7 55. c5 Kxg6 56. c6 Kg7 57. Kc4 Kf8 58. Kc5 Ke7
59. c7 Rh8 60. Kc6 Rf8 61. Bh1 Kxf7 62. Kd7 Re8 63. c8=Q Rxc8 64. Kxc8 Ke6 65.
Kc7 1-0

[Event "International Tournament "]
[Site "Pool "]
[Date "2021.07.15"]
[Round "8.35"]
[White "Gurel, Ediz"]
[Black "Kanov, Nikola"]
[Result "1-0"]
[WhiteElo "2346"]
[BlackElo "2140"]
[PlyCount "85"]
[EventDate "2021.07.09"]

1. e4 e6 2. d4 d5 3. Nd2 c5 4. exd5 Qxd5 5. Ngf3 cxd4 6. Bc4 Qd7 7. O-O Nc6 8.
Nb3 Nf6 9. Nbxd4 Nxd4 10. Nxd4 a6 11. Re1 Bc5 12. Be3 Qc7 13. Bg5 Bd6 14. Nf5
Bxh2+ 15. Kh1 O-O 16. Bxf6 exf5 17. Be7 Qxc4 18. Bxf8 Be6 19. Kxh2 Rxf8 20. c3
Qh4+ 21. Kg1 f4 22. Qf3 g5 23. Qxb7 g4 24. Qe4 Qh6 25. Qe5 f3 26. Qh2 Qd2 27.
Qh4 h6 28. Rad1 Qxb2 29. Rxe6 fxe6 30. Qxg4+ Kh8 31. Qd4+ Kg8 32. Qg4+ Kh8 33.
Qxe6 fxg2 34. Qxh6+ Kg8 35. Qg5+ Kh8 36. Qh4+ Kg8 37. Qg3+ Kh8 38. Qh3+ Kg8 39.
Qxg2+ Kh8 40. Qh3+ Kg8 41. Qg3+ Kh8 42. Rd4 Qb1+ 43. Kg2 1-0

[Event "International Tournament "]
[Site "Pool "]
[Date "2021.07.15"]
[Round "8.36"]
[White "Kamalidenova, Meruert"]
[Black "Pavlov, Mark"]
[Result "1/2-1/2"]
[WhiteElo "2334"]
[BlackElo "2195"]
[PlyCount "49"]
[EventDate "2021.07.09"]

1. e4 d6 2. d4 g6 3. Nc3 Bg7 4. Be3 a6 5. Nf3 b5 6. e5 Nd7 7. e6 fxe6 8. Bd3
Ngf6 9. Ng5 Nf8 10. O-O Bb7 11. f3 Nd5 12. Nxd5 Bxd5 13. c3 c6 14. a4 e5 15.
dxe5 Bxe5 16. f4 Bf6 17. f5 e6 18. Nxe6 Nxe6 19. fxe6 O-O 20. axb5 axb5 21.
Rxa8 Qxa8 22. Bf4 Qa7+ 23. Kh1 Qe7 24. Bxb5 cxb5 25. Qxd5 1/2-1/2

[Event "International Tournament "]
[Site "Pool "]
[Date "2021.07.15"]
[Round "8.37"]
[White "Samaridis, Konstantinos"]
[Black "Samadov, Read"]
[Result "0-1"]
[WhiteElo "2081"]
[BlackElo "2332"]
[PlyCount "88"]
[EventDate "2021.07.09"]

1. e4 c5 2. Nf3 d6 3. Bb5+ Nd7 4. a4 Ngf6 5. Nc3 g6 6. a5 a6 7. Bc4 e6 8. d4
cxd4 9. Qxd4 Qc7 10. O-O Bg7 11. Rd1 O-O 12. Be2 d5 13. exd5 Nxd5 14. Nxd5 exd5
15. Qa4 Nc5 16. Qb4 Re8 17. Be3 Ne4 18. c3 Be6 19. Nd4 Bf8 20. Nxe6 Rxe6 21.
Qd4 Nxf2 22. Bf4 Qe7 23. Bf3 Nxd1 24. Rxd1 Re1+ 25. Kf2 Rxd1 26. Qxd1 Qc5+ 27.
Be3 Qxa5 28. Bxd5 Rd8 29. c4 Bc5 30. Qd3 Qb6 31. Bxc5 Qxc5+ 32. Kf3 Rd6 33. Qe4
Rf6+ 34. Kg4 b5 35. b3 bxc4 36. bxc4 a5 37. h4 h5+ 38. Kh3 Kg7 39. Qe5 a4 40.
g4 Qc8 41. Bf3 hxg4+ 42. Bxg4 Qxc4 43. h5 gxh5 44. Bxh5 Qe6+ 0-1

[Event "International Tournament "]
[Site "Pool "]
[Date "2021.07.15"]
[Round "8.38"]
[White "Sapenov, Daniyal"]
[Black "Yordanov, Lachezar"]
[Result "1/2-1/2"]
[WhiteElo "2034"]
[BlackElo "2325"]
[PlyCount "36"]
[EventDate "2021.07.09"]

1. d4 Nf6 2. c4 e6 3. Nf3 b6 4. g3 Ba6 5. b3 Bb4+ 6. Bd2 Be7 7. Bg2 c6 8. O-O
O-O 9. Bc3 d5 10. Nbd2 Nbd7 11. Re1 c5 12. Bb2 Rc8 13. Rc1 Bb7 14. e3 Rc7 15.
dxc5 Nxc5 16. Ne5 dxc4 17. Bxb7 Rxb7 18. Ndxc4 Rc7 1/2-1/2

[Event "International Tournament "]
[Site "Pool "]
[Date "2021.07.15"]
[Round "8.39"]
[White "Zhukov, Anton"]
[Black "Agibileg, Uurtsaikh"]
[Result "0-1"]
[WhiteElo "2174"]
[BlackElo "2413"]
[PlyCount "72"]
[EventDate "2021.07.09"]

1. c4 Nf6 2. d4 g6 3. Nc3 Bg7 4. e4 d6 5. Be2 O-O 6. Be3 e5 7. d5 Na6 8. g4 Nc5
9. f3 h5 10. g5 Nh7 11. h4 f6 12. Nh3 Bxh3 13. Rxh3 fxg5 14. hxg5 Nxg5 15. Rg3
Rf4 16. Bxf4 exf4 17. Rg2 Qf6 18. Qd2 a5 19. O-O-O Nf7 20. Nb5 c6 21. Nd4 cxd5
22. cxd5 Kh7 23. Kb1 a4 24. Ne6 a3 25. Nxg7 Kxg7 26. b4 Nb3 27. axb3 a2+ 28.
Qxa2 Rxa2 29. Kxa2 Qc3 30. Rdg1 Ne5 31. Bd1 Qxb4 32. Bc2 Qc3 33. Bd1 Kf6 34.
Be2 Qc2+ 35. Ka3 h4 36. Rh1 Nd3 0-1

[Event "International Tournament "]
[Site "Pool "]
[Date "2021.07.15"]
[Round "8.40"]
[White "Djukic, Sandra"]
[Black "Milosevic, Milos"]
[Result "0-1"]
[WhiteElo "2172"]
[BlackElo "2396"]
[Annotator "Balkanchess"]
[PlyCount "39"]
[EventDate "2021.07.09"]

1. d4 Nf6 2. c4 e6 3. Nf3 c5 4. d5 exd5 5. cxd5 g6 6. Nc3 Bg7 7. Bf4 d6 8. Nd2
Nh5 9. Qa4+ Kf8 10. Be3 Na6 11. g4 Nf6 12. g5 Nh5 13. Bg2 Bd7 14. Qb3 b5 15.
Bf3 Be5 16. Bxh5 gxh5 17. Nf3 Bg7 18. Bf4 Kg8 19. Ne4 Qe7 20. Nfd2 {...37} 0-1

[Event "International Tournament "]
[Site "Pool "]
[Date "2021.07.15"]
[Round "8.41"]
[White "Nogerbek, Kazybek"]
[Black "Rakshitta, Ravi"]
[Result "1-0"]
[WhiteElo "2328"]
[BlackElo "2190"]
[PlyCount "99"]
[EventDate "2021.07.09"]

1. c4 Nf6 2. Nc3 e6 3. e4 Nc6 4. Nf3 e5 5. d3 Bc5 6. Nxe5 Nxe5 7. d4 Bb4 8.
dxe5 Nxe4 9. Qf3 d5 10. Be2 O-O 11. O-O Bxc3 12. bxc3 f6 13. Ba3 c5 14. Qe3 Bf5
15. cxd5 Qxd5 16. f3 Qd2 17. Qxd2 Nxd2 18. Rfd1 Rfd8 19. Bxc5 Bc2 20. Be3 Bxd1
21. Rxd1 Nxf3+ 22. Bxf3 Rxd1+ 23. Bxd1 fxe5 24. Bf3 Rc8 25. Bxb7 Rxc3 26. Bd5+
Kf8 27. Bxa7 Ke7 28. a4 Kd6 29. Bf3 Ra3 30. Bb8+ Kc5 31. Bxe5 Rxa4 32. Bxg7 Kd6
33. Kf2 Ke6 34. Ke3 Kf7 35. Bd4 Ra3+ 36. Ke4 Kg6 37. Kf4 Ra2 38. Be4+ Kh6 39.
h4 Ra4 40. Bf2 Kg7 41. g4 Rb4 42. g5 h6 43. g6 Ra4 44. Bc5 Kf6 45. Bf8 Ra7 46.
Bxh6 Ra1 47. Bg5+ Kg7 48. h5 Ra6 49. h6+ Kg8 50. Bd5+ 1-0

[Event "International Tournament "]
[Site "Pool "]
[Date "2021.07.15"]
[Round "8.42"]
[White "Martic, Ivan"]
[Black "Shpanko, Nadiia"]
[Result "1-0"]
[WhiteElo "2314"]
[BlackElo "2203"]
[PlyCount "79"]
[EventDate "2021.07.09"]

1. d4 d5 2. c4 e6 3. Nc3 Nf6 4. Bg5 Be7 5. e3 Nbd7 6. Nf3 h6 7. Bh4 O-O 8. Bd3
c5 9. O-O cxd4 10. exd4 dxc4 11. Bxc4 Nb6 12. Bb3 Bd7 13. Qd3 Bc6 14. Ne5 Nbd5
15. Rad1 Nb4 16. Qe2 Bd5 17. Nxd5 Nbxd5 18. f4 Nd7 19. Bxd5 Bxh4 20. Bxb7 Rb8
21. Nc6 Qb6 22. Nxb8 Rxb8 23. Bf3 Bf6 24. Kh1 Qxb2 25. Rd2 Qa3 26. d5 exd5 27.
Bxd5 Nb6 28. Bb3 Qb4 29. Rc2 a5 30. Qh5 Rf8 31. Rc7 a4 32. Bxf7+ Kh8 33. Rb7
Qd6 34. Qb5 Bd4 35. f5 Qd8 36. Be6 Qd6 37. Rb1 Qf4 38. Qb4 Rd8 39. Rxb6 Qf2 40.
Rb8 1-0

[Event "International Tournament "]
[Site "Pool "]
[Date "2021.07.15"]
[Round "8.43"]
[White "Maryasin, Boris"]
[Black "Ufimtsev, Egor"]
[Result "1-0"]
[WhiteElo "2311"]
[BlackElo "2168"]
[PlyCount "45"]
[EventDate "2021.07.09"]

1. e4 c6 2. d4 d5 3. f3 dxe4 4. fxe4 e5 5. Nf3 Bg4 6. Bc4 Nd7 7. Be3 Ngf6 8.
Nc3 b5 9. dxe5 Bxf3 10. gxf3 bxc4 11. exf6 Qxf6 12. Qd4 Qxf3 13. Rf1 Qh3 14.
Bf4 Bb4 15. O-O-O Bxc3 16. bxc3 Nf6 17. Bg5 O-O 18. Bxf6 Qh6+ 19. Kb1 Rfb8+ 20.
Ka1 gxf6 21. Rxf6 Qxh2 22. Rg1+ Kf8 23. Qc5+ 1-0

[Event "International Tournament "]
[Site "Pool "]
[Date "2021.07.15"]
[Round "8.44"]
[White "Czerw, Dawid"]
[Black "Ferey, Antonin"]
[Result "1/2-1/2"]
[WhiteElo "2306"]
[BlackElo "2148"]
[PlyCount "91"]
[EventDate "2021.07.09"]

1. d4 Nf6 2. Bf4 e6 3. e3 c5 4. Nd2 Nc6 5. c3 d5 6. Ngf3 cxd4 7. exd4 Nh5 8.
Bg3 Nxg3 9. hxg3 g6 10. Bd3 Bg7 11. Qe2 O-O 12. Ne5 Nxe5 13. dxe5 Bd7 14. Nf3
Qc7 15. O-O b5 16. Rfe1 Qb6 17. a3 a5 18. Rad1 Rfc8 19. g4 b4 20. axb4 axb4 21.
c4 Ba4 22. Rd2 Bb3 23. cxd5 Bxd5 24. Be4 Bxe4 25. Qxe4 Ra5 26. Rd7 Ra7 27. Red1
Rxd7 28. Rxd7 Qc6 29. Qxc6 Rxc6 30. Kf1 Rc2 31. Rd8+ Bf8 32. g3 Kg7 33. Nd2 Be7
34. Rd4 Kf8 35. Ke2 Ke8 36. Rc4 Rxc4 37. Nxc4 Kd7 38. Kd3 Kc6 39. Nd6 f5 40.
gxf5 Bxd6 41. exd6 exf5 42. f4 h6 43. Kc4 Kxd6 44. Kxb4 g5 45. fxg5 hxg5 46.
Kc4 1/2-1/2

[Event "International Tournament "]
[Site "Pool "]
[Date "2021.07.15"]
[Round "8.45"]
[White "Durak, Can"]
[Black "Uskov, Artem"]
[Result "1-0"]
[WhiteElo "2275"]
[BlackElo "2139"]
[PlyCount "119"]
[EventDate "2021.07.09"]

1. d4 Nf6 2. c4 g6 3. Nc3 Bg7 4. e4 d6 5. Nf3 O-O 6. Be2 e5 7. dxe5 dxe5 8.
Qxd8 Rxd8 9. Bg5 Rf8 10. Nd5 Nxd5 11. cxd5 c6 12. Bc4 Bd7 13. d6 Re8 14. O-O-O
b5 15. Bb3 Na6 16. Be3 Bf6 17. h4 h5 18. Kb1 c5 19. Bd5 Rab8 20. Bg5 Bg7 21.
Be3 Bf6 22. Rc1 Rec8 23. Rhd1 Kg7 24. a3 b4 25. Bc4 Bb5 26. Bxb5 Rxb5 27. a4
Rb6 28. b3 Rcc6 29. d7 Rb8 30. Bg5 Rd8 31. Nxe5 Rc7 32. f4 Nb8 33. Rd6 Bxg5 34.
hxg5 Rdxd7 35. Nxd7 Nxd7 36. Rd5 Kf8 37. g3 Ke7 38. f5 Rc8 39. Rcd1 Nb6 40.
Re5+ Kf8 41. a5 Na8 42. f6 Nc7 43. Rxc5 Ke8 44. Rdc1 Kd7 45. e5 a6 46. e6+ Kxe6
47. Rxc7 Rd8 48. R1c5 Rd3 49. R7c6+ Kd7 50. Rxa6 Rxb3+ 51. Kc2 Rxg3 52. Rb5 h4
53. Rb7+ Kc8 54. Rxf7 Kb8 55. Re6 Rc3+ 56. Kb2 Rc8 57. Rfe7 h3 58. Re8 h2 59.
Rxc8+ Kxc8 60. f7 1-0

[Event "International Tournament "]
[Site "Pool "]
[Date "2021.07.15"]
[Round "8.46"]
[White "Dev, Shah"]
[Black "Debevec, Blaz"]
[Result "1/2-1/2"]
[WhiteElo "2270"]
[BlackElo "2135"]
[PlyCount "62"]
[EventDate "2021.07.09"]

1. d4 d6 2. Nf3 g6 3. c4 Bg7 4. Nc3 Bg4 5. e3 c5 6. Be2 cxd4 7. exd4 Nc6 8. Be3
Nh6 9. d5 Bxf3 10. Bxf3 Ne5 11. Be2 Nf5 12. Qd2 Nxe3 13. Qxe3 O-O 14. O-O a5
15. Nb5 Nd7 16. Rab1 Bf6 17. b3 Qb6 18. Qd2 Nc5 19. Bd1 Na6 20. a3 Nc7 21. Nxc7
Qxc7 22. Be2 Qc5 23. Qa2 Ra7 24. g3 b6 25. a4 h5 26. h4 Re8 27. Bf3 e6 28. dxe6
Rxe6 29. Rbd1 Rae7 30. Kg2 Qb4 31. Qb1 Kg7 1/2-1/2

[Event "International Tournament "]
[Site "Pool "]
[Date "2021.07.15"]
[Round "8.48"]
[White "Bommini, Mounika Akshaya"]
[Black "Papakonstantinou, Dimitrios"]
[Result "1/2-1/2"]
[WhiteElo "2029"]
[BlackElo "2251"]
[PlyCount "100"]
[EventDate "2021.07.09"]

1. d4 Nf6 2. Nc3 d5 3. Bf4 a6 4. e3 e6 5. Bd3 c5 6. dxc5 Bxc5 7. Nf3 b5 8. O-O
Bb7 9. Ne2 O-O 10. c3 Nbd7 11. b4 Be7 12. a4 bxa4 13. Qxa4 Nh5 14. Qc2 h6 15.
Ra5 Nxf4 16. exf4 Qc7 17. Rfa1 Nb6 18. Nd2 d4 19. Nxd4 Qxf4 20. Bxa6 Bxb4 21.
g3 Qf6 22. cxb4 Rxa6 23. Rxa6 Bxa6 24. Qc5 Rd8 25. N2b3 Nd7 26. Qc7 Bd3 27. Nc6
Rf8 28. Qxd7 Be4 29. Re1 Qf3 30. Rxe4 Qxe4 31. Nc5 Qc4 32. Kg2 Qc1 33. Ne7+ Kh7
34. Nxe6 fxe6 35. Qd3+ Kh8 36. Ng6+ Kg8 37. Nxf8 Kxf8 38. Qd6+ Kf7 39. b5 Qb1
40. Qc6 g5 41. b6 g4 42. b7 Kf6 43. Qc3+ Kg6 44. Qc6 Kf6 45. h3 gxh3+ 46. Kxh3
Qf1+ 47. Kg4 h5+ 48. Kf3 Qh1+ 49. Ke2 Qxc6 50. b8=Q Qe4+ 1/2-1/2

[Event "International Tournament "]
[Site "Pool "]
[Date "2021.07.15"]
[Round "8.49"]
[White "Zhukenov, Aituar"]
[Black "Srdanovic, Jovana"]
[Result "1-0"]
[WhiteElo "2241"]
[BlackElo "2126"]
[PlyCount "63"]
[EventDate "2021.07.09"]

1. e4 c5 2. Nf3 d6 3. Bb5+ Nd7 4. O-O Ngf6 5. Re1 a6 6. Bd3 g6 7. c3 Bg7 8. Bc2
O-O 9. d4 cxd4 10. cxd4 Nb8 11. h3 Nc6 12. Nc3 Nd7 13. Bg5 h6 14. Be3 Na5 15.
Bd3 Kh7 16. Rc1 Nc6 17. a3 e6 18. Bb1 Ne7 19. Ne2 e5 20. dxe5 Nxe5 21. Nxe5
Bxe5 22. Qd2 Ng8 23. Nf4 Bg7 24. Nd5 Be6 25. b4 Bxd5 26. Qxd5 Qe7 27. Rcd1 Rad8
28. Bb6 Rc8 29. Qxd6 Qg5 30. Qd5 Qf6 31. Bd4 Qf4 32. Bxg7 1-0